000 00298nam a22001337a 4500
003 SGT
082 _a616.5
_bI16M
100 _aMAJID, IMRAN
245 _aI A D V L RECENT ADVANCES IN DERMATOLOGY
260 _aINDIA
_bJAYPEE
_c2016
300 _a595
650 _aDERMATOLOGY
942 _2ddc
_cBK
999 _c14614
_d14614